[Event "FRA-chTB U20 1011"]
[Site "France"]
[Date "2010.12.19"]
[Round "5.4"]
[White "Eid, Amine"]
[Black "Joudelat, Noemie"]
[Result "1-0"]
[WhiteElo "1917"]
[BlackElo "1775"]
[PlyCount "91"]
[EventDate "2010.11.20"]
[EventType "team-tourn"]
[EventRounds "7"]
[EventCountry "FRA"]
[SourceTitle "EXT 2012"]
[Source "ChessBase"]
[SourceDate "2011.11.24"]
[SourceVersion "1"]
[SourceVersionDate "2011.11.24"]
[SourceQuality "1"]
[WhiteTeam "Clichy"]
[BlackTeam "Bois Colombes"]
[WhiteTeamCountry "FRA"]
[BlackTeamCountry "FRA"]

1. e4 c5 2. Nf3 Nc6 3. d4 cxd4 4. Nxd4 g6 5. Nc3 Bg7 6. Be3 Nf6 7. Bc4 d6 8. f3 Bd7 9. Bb3 a5 10. Qd2 Rc8 11. 0-0-0 Nxd4 12. Bxd4 0-0 13. h4 b5 14. Nd5 Nxd5 15. Bxg7 Kxg7 16. Bxd5 h5 17. Qd4+ Kh7 18. e5 Qc7 19. Be4 d5 20. Qxd5 Be6 21. Qxb5 Rb8 22. Qa4 Qxe5 23. Qd4 Qf4+ 24. Kb1 Qc7 25. b3 Rb4 26. Qe3 f5 27. Bd5 Bxd5 28. Rxd5 Rc8 29. Rd2 a4 30. a3 Rb7 31. b4 Rcb8 32. Qd4 Qa5 33. Ka2 Qa6 34. Re1 Re8 35. Qd5 e6 36. Qd4 Qc6 37. Re5 Rbe7 38. c4 Rc7 39. Rc5 Qb7 40. Rxc7+ Qxc7 41. c5 Qf7 42. c6 e5+ 43. Qd5 Qf6 44. c7 Qe7 45. Qd7 Qxd7 46. Rxd7+ 1-0

[Event "FRA-chTB U20 1011"]
[Site "France"]
[Date "2010.11.21"]
[Round "3.4"]
[White "Eid, Amine"]
[Black "Terrazzoni, Claire"]
[Result "1-0"]
[WhiteElo "1917"]
[BlackElo "1490"]
[PlyCount "61"]
[EventDate "2010.11.20"]
[EventType "team-tourn"]
[EventRounds "7"]
[EventCountry "FRA"]
[SourceTitle "EXT 2012"]
[Source "ChessBase"]
[SourceDate "2011.11.24"]
[SourceVersion "1"]
[SourceVersionDate "2011.11.24"]
[SourceQuality "1"]
[WhiteTeam "Clichy"]
[BlackTeam "Sautron"]
[WhiteTeamCountry "FRA"]
[BlackTeamCountry "FRA"]

1. e4 c5 2. Nf3 d6 3. d4 cxd4 4. Nxd4 Nf6 5. Nc3 g6 6. Be3 Bg7 7. Bc4 Ng4 8. Bb5+ Kf8 9. Bg5 Nd7 10. Nd5 Ngf6 11. c4 Nxd5 12. cxd5 Rg8 13. 0-0 Qb6 14. Bxd7 Bxd7 15. Be3 Qa5 16. f4 Bf6 17. Qf3 Qc7 18. Rac1 Qb8 19. Rce1 Qe8 20. Qg3 Bg7 21. e5 dxe5 22. fxe5 e6 23. Qg4 exd5 24. e6 Bc8 25. Bg5 Bxd4+ 26. Qxd4 Bxe6 27. Qc5+ Kg7 28. Qd4+ Kf8 29. Qc4 Kg7 30. Bf6+ Kh6 31. Qh4# 1-0

[Event "FRA-chTB U20 1011"]
[Site "France"]
[Date "2010.11.20"]
[Round "1.4"]
[White "Eid, Amine"]
[Black "Ek, Alexandre"]
[Result "0-1"]
[WhiteElo "1917"]
[BlackElo "1855"]
[PlyCount "72"]
[EventDate "2010.11.20"]
[EventType "team-tourn"]
[EventRounds "7"]
[EventCountry "FRA"]
[SourceTitle "EXT 2012"]
[Source "ChessBase"]
[SourceDate "2011.11.24"]
[SourceVersion "1"]
[SourceVersionDate "2011.11.24"]
[SourceQuality "1"]
[WhiteTeam "Clichy"]
[BlackTeam "Villepinte"]
[WhiteTeamCountry "FRA"]
[BlackTeamCountry "FRA"]

1. e4 c5 2. Nf3 Nc6 3. d4 cxd4 4. Nxd4 g6 5. Nc3 Bg7 6. Be3 Nf6 7. Bc4 d6 8. f3 Qb6 9. Nf5 Qxb2 10. Nxg7+ Kf8 11. Nd5 Nxd5 12. exd5 Kxg7 13. dxc6 Qc3+ 14. Kf2 Qxc4 15. cxb7 Bxb7 16. Qc1 Ba6 17. Re1 Rhc8 18. Bh6+ Kg8 19. Kg1 e5 20. Qg5 Qe6 21. f4 f6 22. Qh4 Rxc2 23. f5 Qd5 24. Re4 g5 25. Bxg5 fxg5 26. Qxg5+ Kf7 27. Rg4 Bb7 28. Qh5+ Kf8 29. Qh6+ Ke8 30. Qh5+ Kd8 31. Qh4+ Kc8 32. Qg3 Qc5+ 33. Kf1 Bxg2+ 34. Qxg2 Rxg2 35. Rxg2 Qc4+ 36. Kg1 Qc5+ 0-1

[Event "FRA-chT2 1011"]
[Site "France"]
[Date "2010.11.14"]
[Round "3.7"]
[White "Eid, Amine"]
[Black "Martinez, Rodolphe"]
[Result "1-0"]
[WhiteElo "1917"]
[BlackElo "1881"]
[PlyCount "69"]
[EventDate "2010.10.17"]
[EventType "team-tourn"]
[EventRounds "11"]
[EventCountry "FRA"]
[SourceTitle "EXT 2012"]
[Source "ChessBase"]
[SourceDate "2011.11.24"]
[SourceVersion "1"]
[SourceVersionDate "2011.11.24"]
[SourceQuality "1"]

1. e4 d5 2. exd5 Qxd5 3. c4 Qd4 4. Nf3 Qd8 5. d4 c6 6. Nc3 Bg4 7. Be2 e6 8. 0-0 Nf6 9. Bf4 Be7 10. Qd2 0-0 11. Rfd1 Na6 12. a3 Bd6 13. b4 Bxf4 14. Qxf4 Qc7 15. Ne5 Bxe2 16. Nxe2 Rac8 17. Nc3 Rfd8 18. Rac1 Qe7 19. Rd3 Nb8 20. Re1 Nbd7 21. d5 cxd5 22. cxd5 Rxc3 23. d6 Qe8 24. Rxc3 Nd5 25. Qd4 Nxc3 26. Qxc3 Nxe5 27. Qxe5 Qc6 28. Rd1 h6 29. h3 a6 30. Qc5 Kf8 31. Rd3 Qxc5 32. bxc5 Ke8 33. Rg3 g6 34. Rb3 Rd7 35. Kf1 1-0

[Event "Paris-ch op-A"]
[Site "Paris"]
[Date "2010.07.11"]
[Round "9"]
[White "Mircescu, Ovidiu"]
[Black "Eid, Amine"]
[Result "1/2-1/2"]
[WhiteElo "2123"]
[BlackElo "1859"]
[PlyCount "111"]
[EventDate "2010.07.03"]
[EventType "swiss"]
[EventRounds "9"]
[EventCountry "FRA"]
[SourceTitle "CBM 137 Extra"]
[Source "ChessBase"]
[SourceDate "2010.09.01"]
[SourceVersion "1"]
[SourceVersionDate "2010.09.01"]
[SourceQuality "1"]

1. e4 c5 2. Nc3 Nc6 3. g3 g6 4. Bg2 Bg7 5. d3 e6 6. Be3 d6 7. Qd2 Nge7 8. Bh6 0-0 9. h4 Ne5 10. Nf3 Ng4 11. Bxg7 Kxg7 12. h5 Nc6 13. d4 cxd4 14. Nxd4 Qb6 15. Nb3 Nce5 16. Qd4 Qxd4 17. Nxd4 b6 18. Nd1 Bb7 19. f3 Nf6 20. h6+ Kg8 21. Ne3 d5 22. exd5 Nxd5 23. Nxd5 Bxd5 24. 0-0-0 Rfd8 25. Rhe1 Nc6 26. b3 Rac8 27. Kb2 Nxd4 28. Rxd4 Kf8 29. Bh3 Ke7 30. f4 f5 31. Red1 Be4 32. c4 Rxd4 33. Rxd4 Rc7 34. Kc3 e5 35. fxe5 Rc5 36. g4 Rxe5 37. Rd2 fxg4 38. Bxg4 Bf5 39. Bxf5 Rxf5 40. Re2+ Kf6 41. Re8 Kg5 42. Re7 Kxh6 43. Rxa7 Rf6 44. a4 g5 45. a5 bxa5 46. Rxa5 g4 47. b4 g3 48. Ra1 Kg5 49. Kd3 h5 50. c5 h4 51. b5 g2 52. c6 Rf1 53. Ra8 Rf6 54. Rg8+ Rg6 55. Rxg6+ Kxg6 56. c7 1/2-1/2

[Event "FRA-ch U12"]
[Site "Aix les Bains"]
[Date "2009.04.26"]
[Round "9"]
[White "Eid, Amine"]
[Black "Balagny Carbuccia, Nicolas"]
[Result "1-0"]
[WhiteElo "1845"]
[BlackElo "1820"]
[PlyCount "69"]
[EventDate "2009.04.19"]
[EventType "swiss"]
[EventRounds "9"]
[EventCountry "FRA"]
[SourceTitle "CBM 130 Extra"]
[Source "ChessBase"]
[SourceDate "2009.07.02"]
[SourceVersion "2"]
[SourceVersionDate "2009.07.15"]
[SourceQuality "1"]

1. e4 c5 2. Nf3 e6 3. c3 Nf6 4. e5 Nd5 5. d4 cxd4 6. cxd4 d6 7. a3 Nc6 8. Bd3 Be7 9. 0-0 0-0 10. Qe2 Qb6 11. Rd1 Kh8 12. Bc2 a5 13. b3 Qa6 14. Qe4 f5 15. exf6 Nxf6 16. Qh4 Kg8 17. Bb2 d5 18. Nc3 Ne4 19. Qh5 g6 20. Qh6 Nxc3 21. Bxc3 Bf6 22. Ng5 Bxg5 23. Qxg5 Bd7 24. Bxg6 Rf7 25. Bxf7+ Kxf7 26. Qh5+ Kg8 27. Qg4+ Kh8 28. Bd2 Rg8 29. Qf3 Kg7 30. Bg5 Rf8 31. Bh6+ Kxh6 32. Qxf8+ Kg6 33. Qg8+ Kh6 34. f4 e5 35. Qg5# 1-0

[Event "FRA-ch U12"]
[Site "Aix les Bains"]
[Date "2009.04.25"]
[Round "8"]
[White "Le Pen, Steven"]
[Black "Eid, Amine"]
[Result "0-1"]
[WhiteElo "1726"]
[BlackElo "1845"]
[PlyCount "106"]
[EventDate "2009.04.19"]
[EventType "swiss"]
[EventRounds "9"]
[EventCountry "FRA"]
[SourceTitle "CBM 130 Extra"]
[Source "ChessBase"]
[SourceDate "2009.07.02"]
[SourceVersion "2"]
[SourceVersionDate "2009.07.15"]
[SourceQuality "1"]

1. e4 c5 2. Nf3 Nc6 3. d4 cxd4 4. Nxd4 Nf6 5. Nc3 g6 6. Be3 Bg7 7. f3 0-0 8. Qd2 d5 9. exd5 Nxd5 10. Nxc6 bxc6 11. Bd4 e5 12. Bc5 Re8 13. 0-0-0 Be6 14. Nxd5 Bxd5 15. Kb1 Qc7 16. Be2 a5 17. Qe3 Qb7 18. c4 Be6 19. Rd2 f5 20. Rhd1 a4 21. Qa3 Bf6 22. Qb4 Qf7 23. Rc2 Reb8 24. Qa3 Rb7 25. Bd6 e4 26. fxe4 fxe4 27. g3 Qg7 28. Rdd2 Bf5 29. Qe3 h5 30. Bc5 Rab8 31. Bd4 Bxd4 32. Qxd4 e3 33. Qxg7+ Kxg7 34. Rd3 Bxd3 35. Bxd3 Re7 36. Re2 Rf8 37. Kc1 Rf2 38. Kd1 Rd7 39. Rxe3 Rxb2 40. Kc1 Rxa2 41. Bb1 Rxh2 42. Bc2 Rf7 43. Ra3 Rf1+ 44. Kb2 Rff2 45. Rc3 Rxc2+ 46. Rxc2 Rxc2+ 47. Kxc2 g5 48. Kb2 h4 49. gxh4 gxh4 50. Ka3 h3 51. Kxa4 h2 52. Kb4 h1Q 53. Kc5 Qe4 0-1

[Event "FRA-ch U12"]
[Site "Aix les Bains"]
[Date "2009.04.19"]
[Round "1"]
[White "Eid, Amine"]
[Black "Alliot, Sebastien"]
[Result "1/2-1/2"]
[WhiteElo "1845"]
[BlackElo "1552"]
[PlyCount "133"]
[EventDate "2009.04.19"]
[EventType "swiss"]
[EventRounds "9"]
[EventCountry "FRA"]
[SourceTitle "CBM 130 Extra"]
[Source "ChessBase"]
[SourceDate "2009.07.02"]
[SourceVersion "2"]
[SourceVersionDate "2009.07.15"]
[SourceQuality "1"]

1. e4 e5 2. Nc3 Nc6 3. Bc4 Nf6 4. d3 Bc5 5. f4 d6 6. f5 Bd7 7. Bg5 h6 8. Bh4 g5 9. fxg6 fxg6 10. Nd5 g5 11. Bg3 Nxd5 12. Qh5+ Ke7 13. Bxd5 Qf8 14. Ne2 Be8 15. Qg4 Bd7 16. Qf3 Qxf3 17. gxf3 Raf8 18. h4 gxh4 19. Bxh4+ Ke8 20. Bf2 Rxf3 21. Bxc5 dxc5 22. Bxc6 Bxc6 23. Rh5 b6 24. Rxe5+ Kf7 25. 0-0-0 h5 26. Ng1 Rf6 27. Nh3 h4 28. Rg1 Bd7 29. Ng5+ Kf8 30. Rd5 Bc6 31. Rd8+ Be8 32. e5 Rg6 33. Nh7+ Kg7 34. Rxg6+ Bxg6 35. Rd7+ Kh6 36. Nf6 Rf8 37. Ng4+ Kg5 38. Rg7 Kxg4 39. Rxg6+ Kf5 40. Rh6 Kg5 41. Rh7 Re8 42. Rg7+ Kh6 43. Rg4 Kh5 44. Rg7 Rxe5 45. Rxc7 h3 46. Rxa7 Kh4 47. Rf7 h2 48. Rf1 Rg5 49. Kd2 Rg1 50. Rf8 Rg5 51. Rf1 Rg1 52. Rf8 Kg3 53. Rg8+ Kf4 54. Rh8 Rg2+ 55. Kc3 Kg3 56. d4 cxd4+ 57. Kd3 Kf2 58. Kxd4 Kg1 59. Kc3 Rf2 60. a4 Rf8 61. Rh7 Rf3+ 62. Kb4 Kg2 63. Rxh2+ Kxh2 64. Kb5 Rf6 65. b4 Kg3 66. a5 bxa5 67. bxa5 1/2-1/2

[Event "Bois Colombes op"]
[Site "Bois Colombes"]
[Date "2009.??.??"]
[Round "6"]
[White "Eid, Amine"]
[Black "Pesez, Alexandre"]
[Result "1/2-1/2"]
[WhiteElo "1866"]
[BlackElo "2083"]
[PlyCount "64"]
[EventDate "2009.12.26"]
[EventType "swiss"]
[EventRounds "7"]
[EventCountry "FRA"]
[SourceTitle "CBM 134 Extra"]
[Source "ChessBase"]
[SourceDate "2010.03.03"]
[SourceVersion "1"]
[SourceVersionDate "2010.03.03"]
[SourceQuality "1"]

1. e4 d6 2. d4 Nf6 3. Nc3 g6 4. Bg5 h6 5. Bxf6 exf6 6. Bc4 Bg7 7. Nf3 0-0 8. Qd2 c6 9. 0-0-0 b5 10. Bb3 b4 11. Na4 a5 12. Rhg1 Nd7 13. g4 Nb6 14. h4 Nxa4 15. Bxa4 Qb6 16. g5 fxg5 17. hxg5 h5 18. Nh4 c5 19. f4 Bxd4 20. f5 Bxg1 21. Rxg1 c4 22. Rh1 Qc5 23. fxg6 Bg4 24. gxf7+ Rxf7 25. g6 Rf2 26. Qh6 Ra7 27. Be8 Qd4 28. Bf7+ Raxf7 29. gxf7+ Kxf7 30. Nf5 Bxf5 31. exf5 Rxc2+ 32. Kxc2 Qe4+ 1/2-1/2

[Event "FRA-chT2 Nord 0708"]
[Site "France"]
[Date "2008.04.05"]
[Round "10.8"]
[White "Eid, Amine"]
[Black "Wasylyk, Laure"]
[Result "1/2-1/2"]
[WhiteElo "1797"]
[BlackElo "2141"]
[PlyCount "26"]
[EventDate "2007.10.21"]
[EventType "team-tourn"]
[EventRounds "11"]
[EventCountry "FRA"]
[SourceTitle "EXT 2009"]
[Source "ChessBase"]
[SourceDate "2008.11.26"]
[SourceVersion "1"]
[SourceVersionDate "2008.11.26"]
[SourceQuality "1"]
[WhiteTeam "Franconville"]
[BlackTeam "Issy les Moulineaux"]
[WhiteTeamCountry "FRA"]
[BlackTeamCountry "FRA"]

1. e4 e5 2. Bc4 Nf6 3. Nc3 Bc5 4. d3 d6 5. f4 Ng4 6. f5 Qh4+ 7. g3 Bf2+ 8. Kd2 Bxg3 9. hxg3 Qxh1 10. Qxg4 Qxg1 11. Qxg7 Qh2+ 12. Kd1 Qh1+ 13. Kd2 Qh2+ 1/2-1/2

[Event "FRA-chT2 Nord 0708"]
[Site "France"]
[Date "2008.01.19"]
[Round "5.8"]
[White "Wilson, Alexandra"]
[Black "Eid, Amine"]
[Result "1-0"]
[WhiteElo "2070"]
[BlackElo "1780"]
[PlyCount "41"]
[EventDate "2007.10.21"]
[EventType "team-tourn"]
[EventRounds "11"]
[EventCountry "FRA"]
[SourceTitle "EXT 2009"]
[Source "ChessBase"]
[SourceDate "2008.11.26"]
[SourceVersion "1"]
[SourceVersionDate "2008.11.26"]
[SourceQuality "1"]
[WhiteTeam "Rueil Malmaison"]
[BlackTeam "Franconville"]
[WhiteTeamCountry "FRA"]
[BlackTeamCountry "FRA"]

1. e4 c5 2. Nf3 g6 3. h4 Nc6 4. h5 Bg7 5. Nc3 d6 6. Bc4 e6 7. d3 Nge7 8. Bg5 h6 9. hxg6 hxg5 10. Rxh8+ Bxh8 11. gxf7+ Kd7 12. Nxg5 Nd4 13. Qg4 Kc6 14. Nh7 e5 15. Qg5 Nxc2+ 16. Kd1 Nxa1 17. f8Q Qb6 18. Bb5+ Qxb5 19. Nxb5 Bg4+ 20. Qxg4 Rxf8 21. Nxf8 1-0

[Event "FRA-ch U12"]
[Site "Le Grand Bornand"]
[Date "2007.04.??"]
[Round "8"]
[White "Eid, Amine"]
[Black "Getti, Gaetan"]
[Result "1-0"]
[WhiteElo "1580"]
[BlackElo "1490"]
[PlyCount "58"]
[EventDate "2007.04.07"]
[EventType "swiss"]
[EventRounds "9"]
[EventCountry "FRA"]
[SourceTitle "CBM 118 Extra"]
[Source "ChessBase"]
[SourceDate "2007.07.04"]
[SourceVersion "1"]
[SourceVersionDate "2007.07.04"]
[SourceQuality "1"]

1. e4 e5 2. Bc4 Bc5 3. Nc3 Nf6 4. d3 c6 5. f4 exf4 6. Bxf4 Qb6 7. Na4 Qa5+ 8. Nc3 d5 9. exd5 cxd5 10. Bb5+ Kf8 11. d4 Bb4 12. Qd3 Ne4 13. Bd2 Nxd2 14. Kxd2 Nc6 15. a4 Ne7 16. Qe3 Be6 17. Nge2 a6 18. Bd3 Rc8 19. Rhf1 Kg8 20. h3 h6 21. g4 Nc6 22. Bf5 Bxf5 23. gxf5 Kh7 24. Qd3 Kg8 25. f6 g6 26. Rg1 Kh7 27. h4 Rc7 28. h5 Rg8 29. hxg6+ fxg6 1-0

[Event "FRA-ch U10"]
[Site "Calvi"]
[Date "2005.04.19"]
[Round "4"]
[White "Viennot, Dylan"]
[Black "Eid, Amine"]
[Result "1-0"]
[WhiteElo "1250"]
[BlackElo "1510"]
[PlyCount "71"]
[EventDate "2005.04.??"]
[EventType "swiss"]
[EventRounds "9"]
[EventCountry "FRA"]
[SourceTitle "EXT 2006"]
[Source "ChessBase"]
[SourceDate "2005.11.24"]
[SourceVersion "1"]
[SourceVersionDate "2005.11.24"]
[SourceQuality "1"]

1. e4 c5 2. Bb5 a6 3. Bc4 g6 4. Qf3 e6 5. c3 Nc6 6. Ne2 Bg7 7. d3 Nge7 8. Be3 d6 9. d4 cxd4 10. cxd4 b5 11. Bb3 0-0 12. d5 Ne5 13. Qg3 Nd3+ 14. Kd2 Nxb2 15. Kc2 Qc7+ 16. Nec3 Bxc3 17. Nxc3 Qxc3+ 18. Kxc3 Rd8 19. Kxb2 e5 20. Bb6 Rd7 21. Rac1 Bb7 22. Rc7 Bc8 23. Rxd7 Bxd7 24. Bc7 Nc8 25. Qg5 Be8 26. Qd8 Kg7 27. Qxe8 a5 28. Bxd6 f6 29. Rc1 Nb6 30. Qe7+ Kh6 31. Qxf6 a4 32. Bxe5 Kh5 33. Bf4 h6 34. h3 g5 35. g4+ Kh4 36. Qxh6# 1-0